Rosenbergler (Record no. 4899)

MARC details
000 -BAŞLIK
Sabit Uzunlukta Kontrol Alanı 00855na a2200289 4500
001 - KONTROL NUMARASI
Denetim Alanı 14861
003 - KONTROL NUMARASI IDENTIFIER
Denetim Alanı MIRAKIL
005 - SON İŞLEM TARİHİ VE ZAMANI
Denetim Alanı 20181213155021.0
008 - SABİT-BOY VERİ ELEMANLARI - GENEL BİLGİLER
Sabit Uzunlukta Kontrol Alanı 161020b tu 000 0
035 ## - SİSTEM KONTROL NUMARASI
Sistem Kontrol Numarası 14861
040 ## - KATALOGLAMA KAYNAK
Orijinal Kataloglama Ajansı Milas
Kataloglama Dili tur
Metne Dönüştürmek Ajansı TR-AnCHP
041 ## - DİL KODU
Metin / Ses Parça Veya Ayrı Başlığın Dil Kodu tur
082 ## - DEWEY ONLU SINIFLANDIRMA NUMARASI
Sınıflandırma Numarası 828.354
Ürün Numarası M33r 1979
090 ## - SINIFLAMA NUMARASI
Sınıflama Numarası 828.354 M33r 1979
100 ## - ANA GİRİŞ - KİŞİSEL İSİM
Kişisel Ad Meeropol,Robert
Bir Adıyla İlişkilendirilen Tarihler 1947-
245 ## - BAŞLIK TABLOSU
Başlık Rosenbergler
Sorumluluk Tablosu, Vb Robert ve Michael Meeropol;çevien Şemsa Yeğin
260 ## - YAYIN, DAĞITIM, VB
Yayın, Dağıtım, Vb Yeri İstanbul
Yayıncı, Dağıtıcı, Vs Adı Gözlem Yayınları
Yayın, Dağıtım, Vb Tarihi 1979
300 ## - FİZİKSEL TANIM
Kapsam 303, 16 s.
Diğer Fiziksel Ayrıntıları res.
Boyutlar 20 sm.
490 ## - SERİSİ TABLOSU
Seri Beyanı Gözlem Aşama-Roman
Hacim / Ardışık Tanımı 1
600 ## - KONU KATMA GİRİŞ - KURUMSAL ADI
Kişisel Ad Rosenberg, Ethel
Bir Adıyla İlişkilendirilen Tarihler 1915-1953
600 ## - KONU KATMA GİRİŞ - KURUMSAL ADI
Kişisel Ad Rosenberg, Julius
Bir Adıyla İlişkilendirilen Tarihler 1918-1953.
650 ## - KONU KATMA GİRİŞ - TOPİKAL DÖNEM
Topikal Süreli Veya Coğrafi Ad Giriş Elemanı İngiliz edebiyatı
Coğrafi Alt Bölümü ABD
650 ## - KONU KATMA GİRİŞ - TOPİKAL DÖNEM
Topikal Süreli Veya Coğrafi Ad Giriş Elemanı Rosenbergler
Genel Alt Bölümü Yaşamöyküsü
Kronolojik Alt Bölümü Roman
700 ## - KATMA GİRİŞ - KİŞİSEL İSİM
Kişisel Ad Yeğin, Şemsa
700 ## - KATMA GİRİŞ - KİŞİSEL İSİM
Kişisel Ad Meeropol, Michael
Bir Adıyla İlişkilendirilen Tarihler 1943-
942 ## - EKLENDİ GİRİŞ ELEMANLARI (KOHA)
Sınıflandırma Veya Raf Düzeni Kaynak Dewey Decimal Classification
Koha Öğesi Türü Books
999 ## - SİSTEM KONTROL NUMARALARI (KOHA)
Koha Biblionumber 4899
Koha Biblioitemnumber 4899
Holdings
Kalıcı Konum Mevcut Konum Edinme Tarihi Edinim Kaynak Toplam Check-Out'Lar Tam Çağrı Numarası Barkod Tarih Son Görülme İtibaren Geçerli Fiyatlar Koha Öğesi Türü
CHP Kütüphanesi CHP Kütüphanesi 09/01/2016 Bağış   828.354 M33r 1979 003188 09/01/2016 09/01/2016 Books